LEADER 01122nam a2200277 i 4500 001 000000042359 003 CaOOAMICUS 005 20100727000000.0 008 100727s1985 it u000 u ita u 013 $a13529 040 $aSeMil$bita 100 1 $aIsaac : de Syria.$0(OLS)http://semarc/name/7301 245 10$aDiscorsi spirituali /$cIsacco di Ninive ; introduzione, traduzione e note a cura di Paolo Bettiolo. 260 $aMagnano :$bEdizioni Qiqajon,$c1985. 300 $a246 p. ;$c21 cm. 500 $aDono di don Romano Martinelli. 650 4$aPatristica - Scrittori orientali.$0(OLS)http://semarc/subject/1415 650 4$aSpiritualità.$0(OLS)http://semarc/subject/5428 700 1 $aBettiolo, Paolo,$d<1947- >.$0(OLS)http://semarc/name/7302 850 $aSeMil 852 $aSeMil$W1$xVenegono$y1$m2U III 43$j8514$B8514$CSeMilBibl$Z2$F8514 $81 900 0 $aIsaac Ninivita. 961 $aOmaggio: Martinelli don Romano 996 $6245$aDiscorsi spirituali$9(OLS)http://semarc/title/61745 996 $6260$aMagnano :$bEdizioni Qiqajon$9(OLS)http://semarc/publisher/32074 LEADER 01114nam a2200253 i 4500 001 000000042701 003 CaOOAMICUS 005 20090728000000.0 008 090728s1935 it u000 u ita u 013 $a13871 040 $aSeMil$bita 100 1 $aClérissac, Humbert .$0(OLS)http://semarc/name/21157 240 13$aLe mystère de l'Église.$0(OLS)http://semarc/title/62390 245 13$aIl mistero della chiesa /$cUmberto Clérissac ; prefazione di Giacomo Maritain ; traduzione di Giovanni Vezzoli. 260 $aBrescia :$bMorcelliana,$c1935. 300 $a214 p. ;$c18 cm. 650 4$aChiesa.$0(OLS)http://semarc/subject/3309 650 4$aEcclesiologia.$0(OLS)http://semarc/subject/42996 700 1 $aVezzoli, Giovanni.$0(OLS)http://semarc/name/21158 700 1 $aMaritain, Jacques,$d<1882-1973>.$0(OLS)http://semarc/name/1393 850 $aSeMil 852 $aSeMil$W1$xVenegono$y1$m2B I 188/A$j8856$B8856$CSeMilBibl$Z2$F8856 $81 996 $6245$aIl mistero della chiesa$9(OLS)http://semarc/title/28937 996 $6260$aBrescia :$bMorcelliana$9(OLS)http://semarc/publisher/29629